Matematika pre gymnázia 6 : 2.časť

Uložené v:
Podrobná bibliografia
Hlavní autori: Sýkora, Václav (Autor), Odvárko, Oldřich (Autor), Smida, Jozef (Autor)
Médium: Kniha
Jazyk:Slovak
Vydavateľské údaje: Bratislava : Slovenské pedagogické nakladateľstvo, 1979
Tagy: Pridať tag
Žiadne tagy, Buďte prvý, kto otaguje tento záznam!

MARC

LEADER 00000nam a22000003a 4500
001 stu141661
005 20150617225929.7
008 070523s1979----cs------------------slo-d
040 |a STU  |b slo 
041 0 |a slo 
044 |a cs 
080 |a 51(075.3) 
100 1 |a Sýkora, Václav  |4 aut 
245 1 |a Matematika pre gymnázia 6 :  |b 2.časť 
260 |a Bratislava :  |b Slovenské pedagogické nakladateľstvo,  |c 1979 
300 |a 139 s 
700 1 |a Odvárko, Oldřich  |4 aut 
700 1 |a Smida, Jozef  |4 aut 
996 |b E46106  |c E*46106  |l EE03  |s P  |a 0  |w stu141661_0001